Online Catalogue and eLibrary

A study of child labour in selectedSAARC countries : (Record no. 4759)

MARC details
000 -LEADER
fixed length control field 00451nam a2200157Ia 4500
005 - DATE AND TIME OF LATEST TRANSACTION
control field 20240607053531.0
008 - FIXED-LENGTH DATA ELEMENTS--GENERAL INFORMATION
fixed length control field 240331s9999 xx 000 0 und d
082 ## - DDC Classification
Class No. 6420
Item Number - Author Mark WEE
100 ## - MAIN ENTRY--PERSONAL NAME
Personal name Weermunda,A.J
245 #2 - TITLE STATEMENT
Title A study of child labour in selectedSAARC countries :
Remainder of title issues and challenge
260 ## - PUBLICATION, DISTRIBUTION, ETC.
Place of publication, distribution, etc. Dehiwala
Name of publisher, distributor, etc. BATU SAARC Sub Regional Secretariat
Date of publication, distribution, etc. 1999
300 ## - PHYSICAL DESCRIPTION
Extent (e.g. Volumes, Pages etc.) 52 p.,
650 ## - SUBJECT ADDED ENTRY--TOPICAL TERM
Topical term or geographic name entry element Children
650 ## - SUBJECT ADDED ENTRY--TOPICAL TERM
Topical term or geographic name entry element Children Labour
942 ## - Koha item type (Biblio)
Koha item type Books in Stacks (Lending)
Holdings
Lost status Damaged status Collection code Home library Current library Shelving location Date acquired Accession Number Item type
    Lending WERC Library WERC Library Social Science Cupboard 03/31/2024 6420 Books in Stacks (Lending)

© WERC Library